=LDR 00000nam 2200000 4500 =001 INLIS000000000006272 =005 20251106100855 =035 ##$$a 0010-1125000146 =007 ta =008 251106###########################0#ind## =082 ##$$a 363.969 =084 ##$$a 363.969 BAD t =100 #$$a Badan Koordinasi Keluarga Berencana Nasional =245 1#$$a Terjemahan Family Planning Counselling and Volintry /$c Badan Koordinasi Keluarga Berencana Nasional =260 ##$$a Lampung :$b Badan Koordinasi Keluarga Berencana Nasional =300 ##$$a 8 Hal : $b Ilus ; $c 21 =650 #4$$a Keluarga Berencana =856 ##$$a Perpustakaan Kemendukbangga